Buteurs équipe de France - Coupe du Monde 1986 (Mort subite) - Statistiques

Statistiques générales
  • Ce quiz a été pris 118 fois
  • Le résultat moyen est 3 sur 9
Answers on the Grid
Answers color-coded by a green-red scale on the quiz's grid according to % correct below.
Jean-Pierre Papin
Luis Fernandez
Yannick Stopyra
Jean Tigana
Dominique Rocheteau
Michel Platini
Jean-Marc Ferreri
Bernard Genghini
Manuel Amoros
William Ayache
Patrick Battiston
Michel Bibard
Maxime Bossis
Yvon Le Roux
Thierry Tusseau
Alain Giresse
Philippe Vercruysse
Bruno Bellone
Daniel Xuereb
 
Statistiques - réponses
Réponse % Correct
Michel Platini
79%
Jean-Pierre Papin
55%
Luis Fernandez
45%
Jean Tigana
31%
Yannick Stopyra
29%
Dominique Rocheteau
24%
Manuel Amoros
21%
Jean-Marc Ferreri
19%
Bernard Genghini
17%
Aucun quiz correspondant
Distribution des résultats
% des personnes avec chaque résultat
Percentile par nombre de réponses
Votre historique - résultats
Vous n’avez pas pris ce quiz